000 01111nam a2200241Ii 4500
003 JO-AjNU
008 230605s9999||||xx |||||||||||||| ||und||
017 _a20207/2472
020 _a978-9923-380-20-8
040 _aJO-AjNU
_bara
_erda
_cJO-AjNU
041 _aara
050 1 4 _aDS119.7.2021
100 3 _aاعداد القسم السياسي لهيئة علماء المسلمين في العراق,
_eauthor
_964091
245 0 0 _aفلسطين والقدس في ادبيات هيئة علماء المسلمين: دراسة توثيقية في بيانات الهيئة وتصريحاتها الصحفية (2003-2018م)
250 _aط1
264 3 1 _aبغداد: مؤسسة البصائر للدراسات والنشر، 2021
300 _a135ص
336 _atext
_btxt
_2rdacontent
337 _aunmediated
_bn
_2rdamedia
338 _avolume
_bnc
_2rdacarrier
490 0 _aسلسلة اصدارات هيئة علماء المسلمين في العراق 33
650 4 _aالاحوال السياسية-البيانات الرسمية-رابطة العالم الاسلامي-فلسطين
_964092
999 _aA29106
_c32674
_d32674